|
|
|
|
| LEADER |
00661nam a22001937a 4500 |
| 003 |
OSt |
| 020 |
|
|
|a 9788182662414
|
| 082 |
|
|
|a 808.89
|b MOO/PO
|
| 245 |
|
|
|a പോർച്ചുഗീസ് നാടോടിക്കഥകൾ
|
| 260 |
|
|
|a Kozhikode
|b Mathrubhumi Books
|c 2014
|
| 300 |
|
|
|a 143p.
|
| 500 |
|
|
|a Portuguese nadodikadhakal
|
| 500 |
|
|
|a Portuguese nadodikathakal
|
| 546 |
|
|
|a Malayalam
|
| 650 |
|
|
|a Folk Tales
|
| 700 |
|
|
|a Moosakkutty, N
|
| 942 |
|
|
|2 ddc
|c BK
|
| 999 |
|
|
|c 157040
|d 157040
|
| 952 |
|
|
|0 0
|1 0
|2 ddc
|4 0
|6 808_890000000000000_MOOPO
|7 0
|8 Gen
|9 156395
|a KAUCLV
|b KAUCLV
|c GENERAL
|d 2017-07-25
|g 100.00
|l 5
|m 1
|o 808.89 MOO/PO
|p 225484
|r 2019-10-04
|s 2019-07-25
|y BK
|